[Event "Djakovo op-A"]
[Site "Djakovo"]
[Date "2005.05.07"]
[Round "9"]
[White "Teofilovic, Vjeran"]
[Black "Drazic, Sinisa"]
[Result "0-1"]
[WhiteElo "2285"]
[BlackElo "2495"]
[PlyCount "62"]
[EventDate "2005.05.01"]
[EventType "swiss"]
[EventRounds "9"]
[EventCountry "CRO"]
[SourceTitle "CBM 106 Extra"]
[Source "ChessBase"]
[SourceDate "2005.07.01"]
[SourceVersion "1"]
[SourceVersionDate "2005.07.01"]
[SourceQuality "1"]

1. Nf3 c5 2. c4 Nf6 3. Nc3 b6 4. g3 Bb7 5. Bg2 g6 6. 0-0 Bg7 7. d4 cxd4 8. Qxd4 Nc6 9. Qf4 Rc8 10. b3 0-0 11. Bb2 d5 12. Rad1 e6 13. Ba3 Re8 14. Nb5 Ne4 15. cxd5 exd5 16. Nd6 Nxd6 17. Rxd5 Nd4 18. Rxd4 Bxd4 19. Bxd6 Re4 20. Qh6 Qxd6 21. Ng5 Qe7 22. Qxh7+ Kf8 23. Bxe4 Bxe4 24. Qh4 Re8 25. e3 Bg7 26. Qxe4 Qxg5 27. Qb7 Qe7 28. Qa6 Rd8 29. Rc1 Bf6 30. h4 Kg7 31. Qe2 Rd5 0-1

[Event "Djakovo op-A"]
[Site "Djakovo"]
[Date "2005.05.05"]
[Round "7"]
[White "Teofilovic, Vjeran"]
[Black "Brkic, Ante"]
[Result "1-0"]
[WhiteElo "2285"]
[BlackElo "2477"]
[PlyCount "179"]
[EventDate "2005.05.01"]
[EventType "swiss"]
[EventRounds "9"]
[EventCountry "CRO"]
[SourceTitle "CBM 106 Extra"]
[Source "ChessBase"]
[SourceDate "2005.07.01"]
[SourceVersion "1"]
[SourceVersionDate "2005.07.01"]
[SourceQuality "1"]

1. Nf3 Nf6 2. c4 g6 3. Nc3 d5 4. cxd5 Nxd5 5. e4 Nxc3 6. dxc3 Qxd1+ 7. Kxd1 Nd7 8. Bf4 c6 9. Bc4 Bg7 10. a4 Nf6 11. Nd2 Ng4 12. Ke2 Ne5 13. Bb3 b6 14. a5 Ba6+ 15. Ke3 b5 16. Bc2 Nd7 17. Rhd1 c5 18. f3 Rc8 19. Kf2 Ne5 20. Be3 e6 21. h3 f6 22. f4 Nf7 23. Bd3 c4 24. Be2 Rc7 25. Nf3 Ke7 26. Nd4 Ra8 27. Nc2 Bb7 28. Bf3 a6 29. Rd2 Nd6 30. Bb6 Rc6 31. e5 fxe5 32. Bxc6 Bxc6 33. Bc5 Bd5 34. Nb4 Rc8 35. Nxd5+ exd5 36. fxe5 Rxc5 37. exd6+ Kxd6 38. Rad1 b4 39. cxb4 Rb5 40. Kf3 c3 41. bxc3 Bxc3 42. Rc2 Bxb4 43. Rb1 Bxa5 44. Rxb5 axb5 45. Ke2 Bd8 46. Kd3 Bf6 47. Rf2 Ke6 48. Rc2 b4 49. Rc6+ Ke5 50. Rc7 h5 51. Rb7 d4 52. Rxb4 g5 53. Rxd4 Kf5 54. g4+ hxg4 55. hxg4+ Ke6 56. Ra4 Be5 57. Ra6+ Kd5 58. Ra5+ Ke6 59. Ke4 Bf4 60. Rf5 Bc1 61. Rb5 Bf4 62. Rb6+ Kf7 63. Kf5 Kg7 64. Rb7+ Kf8 65. Kf6 Kg8 66. Rg7+ Kf8 67. Ra7 Kg8 68. Ra8+ Kh7 69. Kf7 Bg3 70. Ra5 Bh4 71. Rb5 Kh6 72. Rd5 Kh7 73. Rd6 Bg3 74. Rc6 Bf2 75. Kf6 Be3 76. Ra6 Bf4 77. Ke7 Bg3 78. Ra3 Be1 79. Rb3 Bf2 80. Kf6 Kh6 81. Rb7 Bd4+ 82. Kf7 Bf2 83. Rb2 Bg3 84. Rb1 Kh7 85. Rh1+ Bh4 86. Rh2 Kh6 87. Rh1 Kh7 88. Rxh4+ gxh4 89. g5 Kh8 90. g6 1-0

[Event "Djakovo op-A"]
[Site "Djakovo"]
[Date "2005.05.04"]
[Round "5"]
[White "Zelcic, Robert"]
[Black "Teofilovic, Vjeran"]
[Result "1-0"]
[WhiteElo "2514"]
[BlackElo "2285"]
[PlyCount "129"]
[EventDate "2005.05.01"]
[EventType "swiss"]
[EventRounds "9"]
[EventCountry "CRO"]
[SourceTitle "CBM 106 Extra"]
[Source "ChessBase"]
[SourceDate "2005.07.01"]
[SourceVersion "1"]
[SourceVersionDate "2005.07.01"]
[SourceQuality "1"]

1. e4 e6 2. d4 d5 3. Nc3 dxe4 4. Nxe4 Nd7 5. Bd3 Ngf6 6. Qe2 c5 7. Nxf6+ Nxf6 8. dxc5 Bxc5 9. Nf3 0-0 10. 0-0 b6 11. Bg5 Bb7 12. Rad1 Qc7 13. Bxf6 gxf6 14. Be4 Rad8 15. Bxb7 Qxb7 16. c3 Qa8 17. Nd4 f5 18. Qe3 Bxd4 19. cxd4 Qe4 20. Qg5+ Kh8 21. Qf6+ Kg8 22. Rfe1 Qg4 23. Rd3 f4 24. Re4 Qf5 25. Qxf5 exf5 26. Rxf4 Rd5 27. Rg3+ Kh8 28. Ra3 a5 29. Rb3 Rc8 30. Kf1 Rc1+ 31. Ke2 b5 32. Kd2 Rb1 33. Kc2 Rh1 34. h4 Kg7 35. Rc3 Re1 36. Rc5 Rxc5+ 37. dxc5 Re5 38. c6 Rc5+ 39. Kd3 Kg6 40. g4 fxg4 41. Rxg4+ Kh6 42. Rg5 Rxc6 43. Rxb5 Rc7 44. Rf5 Rb7 45. a3 Kg6 46. Rd5 a4 47. h5+ Kh6 48. Kc3 Rc7+ 49. Kb4 Rc2 50. Rb5 Rxb2+ 51. Kxa4 Rxf2 52. Ka5 Ra2 53. a4 Ra1 54. Rf5 Rb1 55. Ka6 Rb2 56. a5 Rb1 57. Ka7 Rb2 58. a6 Rb1 59. Ka8 Rb2 60. a7 Kg7 61. Rd5 Kf6 62. Rd7 h6 63. Rb7 Rf2 64. Rb5 Kg7 65. Kb7 1-0

[Event "Djakovo op-A"]
[Site "Djakovo"]
[Date "2005.05.03"]
[Round "4"]
[White "Teofilovic, Vjeran"]
[Black "Brumen, Dinko"]
[Result "1-0"]
[WhiteElo "2285"]
[BlackElo "2385"]
[PlyCount "103"]
[EventDate "2005.05.01"]
[EventType "swiss"]
[EventRounds "9"]
[EventCountry "CRO"]
[SourceTitle "CBM 106 Extra"]
[Source "ChessBase"]
[SourceDate "2005.07.01"]
[SourceVersion "1"]
[SourceVersionDate "2005.07.01"]
[SourceQuality "1"]

1. Nf3 d5 2. d4 c6 3. c4 Nf6 4. Nc3 a6 5. a4 g6 6. e3 Bg7 7. Be2 0-0 8. 0-0 a5 9. b3 Na6 10. Ba3 Re8 11. Ne5 Be6 12. Nd3 dxc4 13. Nf4 Bf5 14. Bxc4 Ne4 15. Nxe4 Bxe4 16. Qg4 Bf5 17. Qf3 Qd7 18. h3 e5 19. dxe5 Bxe5 20. Rad1 Qc7 21. g4 Bc8 22. Nd3 Bh2+ 23. Kg2 Be6 24. Bb2 Bxc4 25. bxc4 Re6 26. Nf4 Bxf4 27. exf4 Qe7 28. f5 Re2 29. Qc3 f6 30. Rfe1 Re5 31. g5 Qb4 32. Qxb4 axb4 33. Bxe5 fxe5 34. Rxe5 gxf5 35. Rd7 Rb8 36. a5 b6 37. axb6 b3 38. c5 b2 39. Rd1 Nb4 40. Re3 Nd5 41. Rb3 Nf4+ 42. Kh2 Ne6 43. Rc3 Nf4 44. Rc2 Nd3 45. Rb1 Kf7 46. Rbxb2 Kg6 47. Rb3 Ne5 48. f4 Nd7 49. Rd3 Nf8 50. Rd6+ Kf7 51. Rxc6 Ne6 52. Rxe6 1-0

[Event "Djakovo op-A"]
[Site "Djakovo"]
[Date "2005.05.02"]
[Round "2"]
[White "Kovacevic, Aleksandar"]
[Black "Teofilovic, Vjeran"]
[Result "1-0"]
[WhiteElo "2550"]
[BlackElo "2285"]
[PlyCount "51"]
[EventDate "2005.05.01"]
[EventType "swiss"]
[EventRounds "9"]
[EventCountry "CRO"]
[SourceTitle "CBM 106 Extra"]
[Source "ChessBase"]
[SourceDate "2005.07.01"]
[SourceVersion "1"]
[SourceVersionDate "2005.07.01"]
[SourceQuality "1"]

1. e4 e6 2. d4 d5 3. Nc3 dxe4 4. Nxe4 Nd7 5. g3 Ngf6 6. Nxf6+ Nxf6 7. Bg2 e5 8. Ne2 exd4 9. Qxd4 Be7 10. Bf4 0-0 11. 0-0-0 Bg4 12. Qe3 Bd6 13. Bxd6 cxd6 14. f3 Re8 15. Qd2 Bf5 16. g4 Bd7 17. Ng3 Be6 18. g5 Nd7 19. f4 Nc5 20. Kb1 Bg4 21. Rdf1 Qb6 22. Qd4 Qa5 23. f5 Be2 24. Rc1 Qa6 25. Rhe1 Re5 26. Rxe2 1-0

[Event "Bizovac Metalis op 12th"]
[Site "Bizovac"]
[Date "2005.02.26"]
[Round "5"]
[White "Dubravac, Andrija"]
[Black "Teofilovic, Vjeran"]
[Result "0-1"]
[WhiteElo "2029"]
[BlackElo "2265"]
[PlyCount "81"]
[EventDate "2005.02.24"]
[EventType "swiss"]
[EventRounds "7"]
[EventCountry "CRO"]
[SourceTitle "CBM 105 Extra"]
[Source "ChessBase"]
[SourceDate "2005.05.01"]
[SourceVersion "1"]
[SourceVersionDate "2005.05.01"]
[SourceQuality "1"]

1. d4 g6 2. Nf3 Bg7 3. b3 c5 4. e3 Nf6 5. Bb2 0-0 6. Be2 cxd4 7. exd4 d5 8. h3 Nc6 9. 0-0 Bf5 10. a3 Rc8 11. Nh4 Be6 12. Nf3 Qb6 13. Nc3 Rcd8 14. Na4 Qc7 15. Nc5 Bf5 16. b4 Ne4 17. Bd3 Nxc5 18. bxc5 Be4 19. c3 Bxf3 20. Qxf3 e5 21. Qd1 exd4 22. cxd4 Nxd4 23. Rb1 Ne6 24. Bxg7 Kxg7 25. Rc1 d4 26. Qc2 Rd5 27. c6 Rc5 28. Qb2 Rxc1 29. Rxc1 bxc6 30. Bc4 c5 31. Bxe6 fxe6 32. Qxd4+ cxd4 33. Rxc7+ Rf7 34. Rc6 Kf6 35. Rd6 Ke5 36. Rd8 Ke4 37. Kf1 Kd3 38. Re8 Rc7 39. Rxe6 Rc1+ 40. Re1 Rxe1+ 41. Kxe1 0-1

[Event "Bizovac Metalis op 12th"]
[Site "Bizovac"]
[Date "2005.02.24"]
[Round "2"]
[White "Teofilovic, Vjeran"]
[Black "Sax, Gyula"]
[Result "0-1"]
[WhiteElo "2265"]
[BlackElo "2566"]
[PlyCount "57"]
[EventDate "2005.02.24"]
[EventType "swiss"]
[EventRounds "7"]
[EventCountry "CRO"]
[SourceTitle "CBM 105 Extra"]
[Source "ChessBase"]
[SourceDate "2005.05.01"]
[SourceVersion "1"]
[SourceVersionDate "2005.05.01"]
[SourceQuality "1"]

1. Nf3 Nf6 2. c4 e6 3. g3 d5 4. d4 dxc4 5. Bg2 Nc6 6. 0-0 Rb8 7. e3 b5 8. a4 a6 9. axb5 axb5 10. b3 cxb3 11. Nbd2 Be7 12. Bb2 0-0 13. Nxb3 Bb7 14. Qe2 Qd5 15. Na5 Nxa5 16. Rxa5 Qb3 17. Rc1 Bd6 18. Bc3 Bxf3 19. Bxf3 Ba3 20. Rc2 Qb1+ 21. Kg2 b4 22. Bb2 b3 23. Rd2 Bb4 24. Ra1 Qf5 25. Rd3 Be7 26. Rc1 Qa5 27. e4 Rfd8 28. Qe3 Qa2 29. Rd2 0-1

[Event "Bosnjaci op 11th"]
[Site "Bosnjaci"]
[Date "2005.01.08"]
[Round "8"]
[White "Jovanic, Ognjen"]
[Black "Teofilovic, Vjeran"]
[Result "0-1"]
[WhiteElo "2475"]
[BlackElo "2265"]
[PlyCount "62"]
[EventDate "2005.01.03"]
[EventType "swiss"]
[EventRounds "9"]
[EventCountry "CRO"]
[SourceTitle "CBM 104 Extra"]
[Source "ChessBase"]
[SourceDate "2005.03.01"]
[SourceVersion "1"]
[SourceVersionDate "2005.03.01"]
[SourceQuality "1"]

1. d4 d5 2. c4 e6 3. Nc3 Be7 4. Nf3 Nf6 5. Bg5 h6 6. Bxf6 Bxf6 7. e3 0-0 8. Qd2 dxc4 9. Bxc4 Nd7 10. Ne4 Be7 11. Rc1 b6 12. Bb5 Bb7 13. Bc6 Bxc6 14. Rxc6 Nb8 15. Rc2 Nd7 16. Ke2 c5 17. Rd1 Qc8 18. dxc5 Nxc5 19. Nxc5 bxc5 20. Qa5 Qb7 21. b3 Rfd8 22. Rcd2 Rxd2+ 23. Rxd2 c4 24. Rc2 cxb3 25. Rc7 Qe4 26. Rxe7 Qc4+ 27. Ke1 bxa2 28. Qa3 Rb8 29. Rxa7 Rb1+ 30. Kd2 a1Q 31. Qxa1 Qc1+ 0-1

[Event "Bosnjaci op 11th"]
[Site "Bosnjaci"]
[Date "2005.01.05"]
[Round "4"]
[White "Plenkovic, Zdenko"]
[Black "Teofilovic, Vjeran"]
[Result "1/2-1/2"]
[WhiteElo "2240"]
[BlackElo "2265"]
[PlyCount "33"]
[EventDate "2005.01.03"]
[EventType "swiss"]
[EventRounds "9"]
[EventCountry "CRO"]
[SourceTitle "CBM 104 Extra"]
[Source "ChessBase"]
[SourceDate "2005.03.01"]
[SourceVersion "1"]
[SourceVersionDate "2005.03.01"]
[SourceQuality "1"]

1. d4 e6 2. e4 d5 3. Nc3 dxe4 4. Nxe4 Nd7 5. Bd3 Ngf6 6. Qe2 c5 7. Nxc5 Nxc5 8. dxc5 Bxc5 9. Bd2 0-0 10. 0-0-0 Qd5 11. Kb1 Qxg2 12. Nf3 Qxf2 13. Qe5 Nd7 14. Qh5 Nf6 15. Qe5 Nd7 16. Qh5 Nf6 17. Qe5 1/2-1/2

[Event "Bosnjaci op 11th"]
[Site "Bosnjaci"]
[Date "2005.01.04"]
[Round "3"]
[White "Teofilovic, Vjeran"]
[Black "Andrijevic, Milan"]
[Result "0-1"]
[WhiteElo "2265"]
[BlackElo "2402"]
[PlyCount "46"]
[EventDate "2005.01.03"]
[EventType "swiss"]
[EventRounds "9"]
[EventCountry "CRO"]
[SourceTitle "CBM 104 Extra"]
[Source "ChessBase"]
[SourceDate "2005.03.01"]
[SourceVersion "1"]
[SourceVersionDate "2005.03.01"]
[SourceQuality "1"]

1. Nf3 e6 2. c4 Nf6 3. g3 c5 4. Bg2 Nc6 5. 0-0 Be7 6. d4 d5 7. cxd5 Nxd5 8. Nc3 0-0 9. Nxd5 exd5 10. dxc5 Bxc5 11. Bg5 Qb6 12. Rc1 d4 13. Nd2 Re8 14. Nc4 Qb5 15. Bf4 Bg4 16. Re1 Rad8 17. Bxc6 bxc6 18. Ne5 Rxe5 19. Bxe5 Bb4 20. Bc7 Rd7 21. a4 Qb7 22. Bf4 d3 23. f3 d2 0-1

[Event "Portoroz op"]
[Site "Portoroz"]
[Date "2004.04.25"]
[Round "3"]
[White "Teofilovic, Vjeran"]
[Black "Gorjan, Jaka"]
[Result "1-0"]
[WhiteElo "2278"]
[BlackElo "1500"]
[PlyCount "57"]
[EventDate "2004.04.??"]
[EventType "swiss"]
[EventRounds "9"]
[EventCountry "SLO"]
[SourceTitle "CBM 100 Extra"]
[Source "ChessBase"]
[SourceDate "2004.07.06"]
[SourceVersion "2"]
[SourceVersionDate "2004.07.06"]
[SourceQuality "1"]

1. d4 Nf6 2. c4 c5 3. d5 e5 4. Nc3 d6 5. e4 g6 6. Bd3 Bg7 7. Nge2 0-0 8. h3 Na6 9. Bg5 h6 10. Be3 Nc7 11. Qd2 Kh7 12. 0-0 a6 13. Ng3 Bd7 14. Rae1 b5 15. b3 Qe7 16. Kh1 bxc4 17. bxc4 Bg4 18. f4 Nh5 19. Nxh5 Bxh5 20. f5 gxf5 21. exf5 f6 22. Ne4 Rg8 23. g4 Be8 24. Qf2 Qf8 25. g5 hxg5 26. Nxg5+ fxg5 27. f6+ Bg6 28. Bxg6+ Kh8 29. f7 1-0

[Event "Bizovac Metalis op 11th"]
[Site "Bizovac"]
[Date "2004.02.28"]
[Round "6"]
[White "Zufic, Miroslav"]
[Black "Teofilovic, Vjeran"]
[Result "0-1"]
[WhiteElo "2387"]
[BlackElo "2280"]
[PlyCount "114"]
[EventDate "2004.02.26"]
[EventType "swiss"]
[EventRounds "7"]
[EventCountry "CRO"]
[SourceTitle "CBM 098 Extra"]
[Source "ChessBase"]
[SourceDate "2004.03.10"]
[SourceVersion "2"]
[SourceVersionDate "2004.03.10"]
[SourceQuality "1"]

1. e4 e5 2. Nf3 Nc6 3. Bb5 a6 4. Ba4 d6 5. 0-0 Bd7 6. c4 Nf6 7. Nc3 Be7 8. d4 Nxd4 9. Nxd4 exd4 10. Bxd7+ Nxd7 11. Qxd4 Bf6 12. Qd2 0-0 13. b3 Re8 14. Bb2 Nc5 15. Rae1 Qd7 16. b4 Ne6 17. e5 Be7 18. f4 Nf8 19. Nd5 dxe5 20. fxe5 c6 21. e6 fxe6 22. Rxf8+ Kxf8 23. Rf1+ Bf6 24. Nxf6 Qxd2 25. Ne4+ Kg8 26. Nxd2 a5 27. b5 cxb5 28. cxb5 Rac8 29. Ne4 Rc2 30. Nd6 Rf8 31. Be5 Rxf1+ 32. Kxf1 b6 33. a3 Rc5 34. Bd4 Rd5 35. Bxb6 Rxd6 36. Bxa5 Rd5 37. a4 Rd4 38. Bc7 Rxa4 39. Ke2 Rb4 40. b6 Kf7 41. Kd3 Ke8 42. Kc3 Rb1 43. Kc4 Kd7 44. Kc5 Rc1+ 45. Kb5 Rxc7 46. bxc7 Kxc7 47. Kc5 Kd7 48. Kc4 Kd6 49. Kd4 e5+ 50. Ke4 Ke6 51. Ke3 Kd5 52. Kd3 e4+ 53. Ke2 Kd4 54. Kd2 e3+ 55. Ke1 Kd3 56. Kd1 e2+ 57. Ke1 Ke3 0-1

[Event "Bosnjaci op 10th"]
[Site "Bosnjaci"]
[Date "2004.01.05"]
[Round "5"]
[White "Filipovic, Branko"]
[Black "Teofilovic, Vjeran"]
[Result "0-1"]
[WhiteElo "2410"]
[BlackElo "2280"]
[PlyCount "56"]
[EventDate "2004.01.03"]
[EventType "swiss"]
[EventRounds "9"]
[EventCountry "CRO"]
[SourceTitle "CBM 098 Extra"]
[Source "ChessBase"]
[SourceDate "2004.03.10"]
[SourceVersion "2"]
[SourceVersionDate "2004.03.10"]
[SourceQuality "1"]

1. e4 e5 2. Nf3 Nc6 3. Bb5 a6 4. Bxc6 dxc6 5. 0-0 Qe7 6. d4 exd4 7. Nxd4 Bd7 8. Be3 Qxe4 9. Re1 Ne7 10. Nd2 Qg6 11. Nc4 f6 12. Bf4 0-0-0 13. Nb6+ cxb6 14. Nb5 cxb5 15. Qd6 Qxg2+ 16. Kxg2 Bc6+ 17. Kf1 Rxd6 18. Bxd6 Ng6 19. Bxf8 Rxf8 20. Re3 Ne5 21. h3 g5 22. Rd1 h5 23. b3 Rd8 24. Ree1 Bf3 25. Rxd8+ Kxd8 26. Re3 h4 27. a4 bxa4 28. bxa4 g4 0-1

[Event "Bosnjaci op 10th"]
[Site "Bosnjaci"]
[Date "2004.01.03"]
[Round "1"]
[White "Teofilovic, Vjeran"]
[Black "Brkic, Ante"]
[Result "0-1"]
[WhiteElo "2280"]
[BlackElo "2420"]
[PlyCount "66"]
[EventDate "2004.01.03"]
[EventType "swiss"]
[EventRounds "9"]
[EventCountry "CRO"]
[SourceTitle "CBM 098 Extra"]
[Source "ChessBase"]
[SourceDate "2004.03.10"]
[SourceVersion "2"]
[SourceVersionDate "2004.03.10"]
[SourceQuality "1"]

1. d4 Nf6 2. c4 e6 3. Nc3 Bb4 4. Qc2 0-0 5. a3 Bxc3+ 6. Qxc3 b6 7. Bg5 Bb7 8. f3 h6 9. Bh4 d5 10. e3 Nbd7 11. cxd5 Nxd5 12. Bxd8 Nxc3 13. Bh4 Nd5 14. Bf2 c5 15. Bb5 Rfd8 16. Ne2 cxd4 17. Nxd4 a6 18. Ba4 Rac8 19. Ke2 b5 20. Bb3 Nc5 21. Rhc1 e5 22. Bxd5 Bxd5 23. b4 Na4 24. Nf5 Bc4+ 25. Ke1 Nb2 26. Ne7+ Kf8 27. Nxc8 Nd3+ 28. Kd2 Nxf2+ 29. Nd6 Rxd6+ 30. Kc2 e4 31. a4 Nd3 32. Rcb1 exf3 33. gxf3 Ne5 0-1

[Event "CRO-chT"]
[Site "Rabac"]
[Date "2003.09.14"]
[Round "8"]
[White "Kutuzovic, Branko"]
[Black "Teofilovic, Vjeran"]
[Result "1/2-1/2"]
[WhiteElo "2396"]
[BlackElo "2256"]
[PlyCount "51"]
[EventDate "2003.09.07"]
[EventType "team"]
[EventRounds "9"]
[EventCountry "CRO"]
[SourceTitle "CBM 096 Extra"]
[Source "ChessBase"]
[SourceDate "2003.10.22"]
[SourceVersion "2"]
[SourceVersionDate "2003.10.20"]
[SourceQuality "1"]

1. e4 c5 2. Nf3 d6 3. d4 cxd4 4. Nxd4 Nf6 5. Nc3 a6 6. Be3 e5 7. Nb3 Be6 8. f4 Qc7 9. f5 Bc4 10. g4 b5 11. g5 b4 12. Na4 Nfd7 13. Bxc4 Qxc4 14. Nd2 Qc6 15. c4 Be7 16. b3 Bd8 17. Qg4 Nb6 18. Nb2 N6d7 19. Na4 Nb6 20. Nb2 N6d7 21. Nd3 a5 22. 0-0 Bb6 23. Rae1 Bxe3+ 24. Rxe3 Qb6 25. Rfe1 Nc6 26. Nf2 1/2-1/2

[Event "Bizovac Metalis op 10th"]
[Site "Bizovac"]
[Date "2003.02.28"]
[Round "5"]
[White "Teofilovic, Vjeran"]
[Black "Cebalo, Miso"]
[Result "1-0"]
[WhiteElo "2242"]
[BlackElo "2527"]
[PlyCount "87"]
[EventDate "2003.02.26"]
[EventType "swiss"]
[EventRounds "9"]
[EventCountry "CRO"]
[SourceTitle "CBM 092 Extra"]
[Source "ChessBase"]
[SourceDate "2003.03.07"]
[SourceVersion "1"]
[SourceVersionDate "2003.03.07"]
[SourceQuality "1"]

1. d4 Nf6 2. c4 e6 3. Nc3 Bb4 4. Qc2 c5 5. dxc5 Bxc5 6. Nf3 Nc6 7. Bg5 Be7 8. e3 b6 9. Be2 Bb7 10. 0-0 0-0 11. Rad1 Rc8 12. Qd2 Na5 13. b3 d5 14. Qb2 Qc7 15. Nb5 Qc5 16. cxd5 Bxd5 17. Rc1 Qb4 18. Nfd4 Rxc1 19. Rxc1 Bd8 20. a3 Qe7 21. b4 e5 22. Nf3 Nc6 23. Nc3 Bxf3 24. Bxf3 Nb8 25. Nd5 Qe6 26. Nxf6+ Bxf6 27. Bxf6 gxf6 28. Rc7 Qd6 29. Qc3 Rd8 30. Qc4 Rd7 31. Rc8+ Rd8 32. h4 Rxc8 33. Qxc8+ Kg7 34. Qb7 a5 35. Bd5 Qd7 36. Qxb8 Qxd5 37. Qxb6 Qd1+ 38. Kh2 Qe2 39. Kg3 h5 40. bxa5 Qg4+ 41. Kh2 Qxh4+ 42. Kg1 Qa4 43. a6 h4 44. Qb4 1-0

[Event "Bosnjaci op 9th"]
[Site "Bosnjaci"]
[Date "2003.01.05"]
[Round "4"]
[White "Zivkovic, Vjekoslav"]
[Black "Teofilovic, Vjeran"]
[Result "1-0"]
[WhiteElo "2379"]
[BlackElo "2242"]
[PlyCount "73"]
[EventDate "2003.01.03"]
[EventType "swiss"]
[EventRounds "7"]
[EventCountry "CRO"]
[SourceTitle "EXT 2004"]
[Source "ChessBase"]
[SourceDate "2003.11.25"]
[SourceVersion "1"]
[SourceVersionDate "2003.11.25"]
[SourceQuality "1"]

1. e4 c5 2. Nf3 d6 3. d4 cxd4 4. Nxd4 Nf6 5. Nc3 a6 6. f3 e5 7. Nb3 Be6 8. Be3 Be7 9. Qd2 Nbd7 10. g4 h6 11. 0-0-0 b5 12. Kb1 Nb6 13. Qf2 Rb8 14. h4 Qc7 15. Rg1 Nc4 16. g5 Nxe3 17. Qxe3 Nh5 18. Bd3 b4 19. Nd5 Bxd5 20. exd5 a5 21. gxh6 g6 22. Rxg6 fxg6 23. Bxg6+ Kd8 24. Bxh5 a4 25. Nc1 Qc5 26. Qd2 Bxh4 27. Bg4 Qf2 28. Qd3 Rxh6 29. Qf5 Kc7 30. Qd7+ Kb6 31. Qc6+ Ka5 32. Bd7 Qc5 33. Qxa4+ Kb6 34. Nb3 Qc4 35. Qa5+ Kb7 36. Bc6+ Kc8 37. Qa7 1-0

[Event "CRO-chT"]
[Site "Medulin"]
[Date "2002.09.17"]
[Round "9"]
[White "Zaja, Ivan"]
[Black "Teofilovic, Vjeran"]
[Result "1/2-1/2"]
[WhiteElo "2459"]
[BlackElo "2225"]
[PlyCount "27"]
[EventDate "2002.09.09"]
[EventType "team"]
[EventRounds "9"]
[EventCountry "CRO"]
[SourceTitle "CBM 090 Extra"]
[Source "ChessBase"]
[SourceDate "2002.11.07"]
[SourceVersion "1"]
[SourceVersionDate "2002.11.07"]
[SourceQuality "1"]

1. d4 d5 2. c4 e6 3. Nc3 Be7 4. cxd5 exd5 5. Bf4 c6 6. Qc2 g6 7. e3 Bf5 8. Qd2 Nd7 9. f3 Ngf6 10. g4 Be6 11. Bd3 Nb6 12. b3 Bd6 13. Nge2 Bxf4 14. Nxf4 1/2-1/2

[Event "CRO-chT"]
[Site "Medulin"]
[Date "2002.09.13"]
[Round "5"]
[White "Biti, Ozren"]
[Black "Teofilovic, Vjeran"]
[Result "1/2-1/2"]
[WhiteElo "2308"]
[BlackElo "2225"]
[PlyCount "61"]
[EventDate "2002.09.09"]
[EventType "team"]
[EventRounds "9"]
[EventCountry "CRO"]
[SourceTitle "CBM 090 Extra"]
[Source "ChessBase"]
[SourceDate "2002.11.07"]
[SourceVersion "1"]
[SourceVersionDate "2002.11.07"]
[SourceQuality "1"]

1. e4 c5 2. Nc3 e6 3. f4 d5 4. Nf3 dxe4 5. Nxe4 Nc6 6. Bb5 Bd7 7. 0-0 Nh6 8. Qe2 Be7 9. Ne5 Rc8 10. c3 0-0 11. Nxd7 Qxd7 12. Bd3 Rfd8 13. Bc2 c4 14. Rd1 f5 15. Nf2 Bc5 16. d4 cxd3 17. Rxd3 Qe7 18. Rxd8+ Rxd8 19. Be3 Bxe3 20. Qxe3 e5 21. fxe5 Qxe5 22. Qxe5 Nxe5 23. Re1 Nc6 24. Nd3 g6 25. h3 Nf7 26. Kf2 Kg7 27. Re2 b6 28. Re6 Rd6 29. Rxd6 Nxd6 30. Nf4 Kf6 31. Ne2 1/2-1/2

[Event "CRO-chT"]
[Site "Medulin"]
[Date "2002.09.11"]
[Round "3"]
[White "Teofilovic, Vjeran"]
[Black "Kutuzovic, Branko"]
[Result "1/2-1/2"]
[WhiteElo "2225"]
[BlackElo "2398"]
[PlyCount "32"]
[EventDate "2002.09.09"]
[EventType "team"]
[EventRounds "9"]
[EventCountry "CRO"]
[SourceTitle "CBM 090 Extra"]
[Source "ChessBase"]
[SourceDate "2002.11.07"]
[SourceVersion "1"]
[SourceVersionDate "2002.11.07"]
[SourceQuality "1"]

1. d4 Nf6 2. Nf3 e6 3. e3 b6 4. Bd3 Bb7 5. 0-0 d5 6. c4 dxc4 7. Bxc4 a6 8. Qe2 c5 9. Rd1 Nbd7 10. a3 Qc7 11. Nc3 b5 12. Ba2 Rc8 13. Bd2 Qb8 14. h3 Bd6 15. dxc5 Nxc5 16. b4 Ncd7 1/2-1/2

[Event "Bosnjaci op 8th"]
[Site "Bosnjaci"]
[Date "2002.01.05"]
[Round "5"]
[White "Zivkovic, Vjekoslav"]
[Black "Teofilovic, Vjeran"]
[Result "1-0"]
[WhiteElo "2350"]
[BlackElo "2219"]
[PlyCount "76"]
[EventDate "2002.01.03"]
[EventType "swiss"]
[EventRounds "7"]
[EventCountry "CRO"]
[SourceTitle "CBM 086 Extra"]
[Source "ChessBase"]
[SourceDate "2002.03.14"]
[SourceVersion "1"]
[SourceVersionDate "2002.03.14"]
[SourceQuality "1"]

1. e4 c5 2. Nf3 d6 3. Bc4 Nf6 4. d3 e6 5. 0-0 Be7 6. c3 0-0 7. Bb3 Nc6 8. Re1 Na5 9. Bc2 e5 10. d4 cxd4 11. cxd4 Qc7 12. h3 Bd7 13. Bg5 h6 14. Bh4 Rac8 15. Bd3 Rfe8 16. Nc3 exd4 17. Nxd4 Qb6 18. Nb3 Nc4 19. Bxc4 Rxc4 20. Bxf6 Bxf6 21. Nd5 Qd8 22. Qd3 Bb5 23. Ne3 Rb4 24. Qd2 Rbxe4 25. Rad1 Ba4 26. Qxd6 Qxd6 27. Rxd6 Bxb3 28. axb3 Bxb2 29. Red1 Rb4 30. R1d3 a5 31. g3 b5 32. Nd5 Rbe4 33. Nc7 Rb8 34. Rd8+ Rxd8 35. Rxd8+ Kh7 36. Nxb5 Rb4 37. Nd6 Rxb3 38. Ra8 Ra3 1-0

[Event "Pula op 15th"]
[Site "Pula"]
[Date "2001.05.25"]
[Round "8"]
[White "Crepan, Marjan"]
[Black "Teofilovic, Vjeran"]
[Result "1-0"]
[WhiteElo "2289"]
[BlackElo "2173"]
[PlyCount "119"]
[EventDate "2001.05.18"]
[EventType "swiss"]
[EventRounds "9"]
[EventCountry "CRO"]
[SourceTitle "CBM 082 Extra"]
[Source "ChessBase"]
[SourceDate "2001.07.03"]
[SourceVersion "1"]
[SourceVersionDate "2001.07.03"]
[SourceQuality "1"]

1. e4 c5 2. Nf3 d6 3. d4 cxd4 4. Nxd4 Nf6 5. Nc3 a6 6. Be2 e6 7. 0-0 Nbd7 8. f4 b5 9. Bf3 Bb7 10. a3 Rc8 11. Kh1 Rxc3 12. bxc3 Nxe4 13. Qe1 Ndf6 14. a4 bxa4 15. Rxa4 Qc8 16. Nb3 d5 17. Bb2 Bc6 18. Ra5 Be7 19. Be2 Bb7 20. Qa1 Bd8 21. Rxa6 Bxa6 22. Bxa6 Qd7 23. Ba3 Be7 24. Bxe7 Kxe7 25. Nd4 Ra8 26. Qa3+ Qd6 27. Nc6+ Kf8 28. Qxd6+ Nxd6 29. Bd3 Nfe4 30. Ne5 Nxc3 31. h3 g6 32. Kh2 Nde4 33. Nf3 Ke7 34. Nd4 Nc5 35. Rf3 Nxd3 36. Rxd3 Rc8 37. h4 Rc4 38. h5 Ne4 39. hxg6 hxg6 40. Rd1 f6 41. Rd3 Nf2 42. Rd2 Ne4 43. Rd3 Kd6 44. Nb5+ Kd7 45. Ra3 Nc5 46. Rg3 Rxf4 47. Rxg6 Rf2 48. Rg7+ Kc6 49. Na7+ Kd6 50. Nb5+ Ke5 51. c3 Ne4 52. Rc7 Rc2 53. Rc6 Rc1 54. Nd4 Ng5 55. Nb3 Re1 56. Nc5 Re3 57. Nd7+ Kf5 58. c4 d4 59. Nc5 d3 60. Rd6 1-0